AAA Baseball Teams - Sudden Death - Statistics

General Stats
  • This quiz has been taken 75 times
  • The average score is 9 of 14
Answers on the Grid
Answers color-coded by a green-red scale on the quiz's grid according to % correct below.
Toledo Mud Hens
Buffalo Bisons
Durham Bulls
Rochester Red Wings
Norfolk Tides
Louisville Bats
Nashville Sounds
Charlotte Knights
Albuquerque Isotopes
El Paso Chihuahuas
Reno Aces
Salt Lake Bees
Tacoma Rainiers
Scranton/Wilkes-Barre RailRiders
Raleigh Capitals
Syracuse Storm
Montreal Royals
Vancouver Giants
Iowa Primaries
Madison Mad Dogs
Sacramento Saints
Calgary Stampeders
Inland Empire Vipers
Fresno Heat
San Antonio Alamos
 
Answer Stats
Answer % Correct
Durham Bulls
86%
Salt Lake Bees
77%
Albuquerque Isotopes
73%
El Paso Chihuahuas
73%
Toledo Mud Hens
73%
Nashville Sounds
68%
Buffalo Bisons
64%
Charlotte Knights
64%
Louisville Bats
64%
Rochester Red Wings
64%
Norfolk Tides
59%
Scranton/Wilkes-Barre RailRiders
59%
Tacoma Rainiers
59%
Reno Aces
55%
No matching quizzes found
Score Distribution
Percent of People with Each Score
Percentile by Number Answered
Your Score History
You have not taken this quiz